All 10k+ Cities in Assam - Statistics

General Stats
  • This quiz has been taken 9 times
  • The average score is 17 of 113
Answers on the Map
Answers color-coded by a green-red scale on the quiz's map according to % correct below.
 
Answer Stats
Population Answer % Correct
962334 Guwahati
100%
145488 Dibrugarh
63%
33637 Hailakandi
63%
126736 Jorhat
63%
75540 Tezpur
63%
116322 Tinsukia
63%
67322 Bongaigaon
50%
12816 Dhemaji
50%
61797 Diphu
50%
41989 Golaghat
50%
56854 Karimganj
50%
34136 Kokrajhar
50%
121628 Nagaon
50%
178865 Silchar
50%
50781 Sivasagar
50%
42649 Barpeta
38%
20059 Dergaon
38%
63388 Dhubri
38%
21736 Digboi
38%
53430 Goalpara
38%
36638 Hojai
38%
17739 Jagiroad
38%
20801 Mariani
38%
27839 Nalbari
38%
13304 Nazira
38%
19810 Sonari
38%
36805 Lanka
25%
16923 Makum
25%
25989 Mangaldoi
25%
26914 Margherita
25%
59814 North Lakhimpur
25%
27889 Rangia
25%
15279 Udalguri
25%
13298 Badarpur
13%
35571 Barpeta Road
13%
13257 Bijni
13%
37410 Bilasipara
13%
19145 Biswanath Chariali
13%
21579 Dhekiajuli
13%
21572 Doom Dooma
13%
25124 Gauripur
13%
12223 Gohpur
13%
43756 Haflong
13%
31347 Lumding
13%
26162 Mankachar
13%
29164 Marigaon
13%
15719 Namrup
13%
18393 Rangapara
13%
13898 Sualkuchi
13%
17183 Tangla
13%
17920 Titabor
13%
15847 Abhayapuri
0%
11691 Ambicapur Pt. VIII
0%
14283 Ambikapur Pt. X
0%
12193 Aolatoli
0%
13487 Balikuri N.C.
0%
13849 Basugaon
0%
15252 Bhanganmari
0%
11554 Bhatnapaity Char N.C.
0%
12016 Bihpuria
0%
19877 Bokajan
0%
10143 Bokakhat
0%
12970 Borakhai Grant
0%
10628 Borokalia Sharsho
0%
10305 Chapakhowa
0%
20322 Chapar
0%
11220 Chapra
0%
45913 Chari Duar Forest Prtd. Area
0%
13502 Dhakuakhana
0%
19235 Dhing
0%
12726 Digboi Oil Town
0%
10235 Dimaruguri
0%
13118 Doboka
0%
10875 Dudhpatil Grant
0%
28626 Duliajan Oil Town
0%
11004 Gerimari Chapori
0%
11863 Gobindapur
0%
10900 Gutlong Gaon
0%
10993 Hatsoi Grant-I
0%
18301 Howli
0%
10071 Kamalabaria N.C.
0%
10371 Kampur
0%
24581 Kawaimarikaragari Reserve
0%
10210 Khaira Bari
0%
18501 Kharupatia
0%
12968 Kholabandha N.C.
0%
16516 Kochmara Protected Forest Area
0%
23867 Kurihamari
0%
10277 | 15633 Lakhipur
0%
11771 Lala
0%
11717 Lido Town
0%
22658 Lumding Railway Colony
0%
10318 Morongial
0%
12154 Na-Duar Reserve Forest
0%
18937 Naharkatiya
0%
11790 Nahira
0%
14896 New Bongaigaon Railway Colony
0%
15188 Niz-Hajo
0%
16264 Nonke Angarkata
0%
10328 North Guwahati
0%
11242 Pathsala
0%
11030 Raha
0%
11015 Rowta Reserve Forest
0%
11709 Salpara Molandubi Pt. I
0%
10894 Saniadi
0%
12163 Sapatgram
0%
30994 Satra Kanara N.C.
0%
25662 Silapathar
0%
19637 Silcoorie Grant
0%
17129 Towkok Grant No.2
0%
10964 Tupamari
0%
10376 Umrangso
0%
No matching quizzes found
Score Distribution
Percent of People with Each Score
Percentile by Number Answered
Your Score History
You have not taken this quiz